Harry Potter 10 questions difficiles - Statistiques

Statistiques générales
  • Ce quiz a été pris 96 fois
  • Le résultat moyen est 4 sur 10
Statistiques - réponses
Hint Réponse % Correct
Dans quelle pays ce trouve l'école représenter par fleur delacour? France
96%
Le nom du journal du père de Luna ? Le chicaneur
66%
Qui est le père de Neville ? Frank Londubat
55%
Son métier? Auror
54%
Pourquoi James n'a pas pu livrer de bataille contre voldemort le soir de sa mort? Il n'avais pas de baguette
27%
Donne le nom du sort qui mets son adversaire dans un état de rire incontrolable Rictusempra
27%
Dans quelle prison le mage noir Grindelwald est enfermé Nurmengard
19%
Cite une des deux personnes qui est mort tué par 5 personnes pendant la première grande guerre Fabian Prewett / Gideon Prewett
14%
Quelle est le prénom du professeur d'histoire de la magie? Curthbert
10%
Par qui le mangemort Yaxley a été vaincu lors de la bataille de poudlard? Lee Jordan / George Weasley
5%
Aucun quiz correspondant
Distribution des résultats
% des personnes avec chaque résultat
Percentile par nombre de réponses
Votre historique - résultats
Vous n’avez pas pris ce quiz